Italian Language Numbers - Statistics

General Stats
  • This quiz has been taken 106 times
  • The average score is 27 of 34
Answer Stats
Hint Answer % Correct
ten dieci
91%
two due
91%
nine nove
91%
seven sette
91%
one million un milione
91%
one hundred cento
86%
five cinque
86%
eight otto
86%
fifteen quindici
86%
six sei
86%
three tre
86%
one uno
86%
twenty venti
86%
seventeen diciassette
82%
four quattro
82%
seventy settanta
82%
thirty trenta
82%
eleven undici
82%
eighteen diciotto
77%
twelve dodici
77%
one thousand mille
77%
ninety novanta
77%
eighty ottanta
77%
fourteen quattordici
77%
nineteen diciannove
73%
first primo
73%
fourty quaranta
73%
thirteen tredici
73%
tenth decimo
68%
sixteen sedici
68%
sixty sessanta
68%
fourth quarto
64%
fifth quinto
64%
fifty cinquanta
55%
No matching quizzes found
Score Distribution
Percent of People with Each Score
Percentile by Number Answered
Your Score History
You have not taken this quiz